• 首页
  • 本馆介绍
  • 公告通知
  • 最新文献
  • 馆藏检索
  • 电子资源
  • 读者导购
  • 参考咨询
  • 我的图书馆
  • 登录
  • 详细信息显示
  • 放入我的书架
  • 预约/预借图书
  • 作者相关作品
  • 分类相关作品
  • 丛书相关作品
  • 出版社相关作品

书目信息

  • 表格格式
  • 工作单格式
  • 卡片格式
题名:
随机动力学引论
    
 
作者: 朱位秋 , 蔡国强 著
分册:  
出版信息: 北京   科学出版社  2017.3
页数: 356页
开本: 24cm
丛书名:
单 册:
中图分类: O313
科图分类:
主题词: 随机变量--动力学
电子资源:
ISBN: 978-7-03-052420-1
000 00881nam0 2200253 450
001 0400004817
005 20171025094324.0
010    @a978-7-03-052420-1@dCNY128.00
100    @a20170524d2017 em y0chiy50 ea
101 0  @achi
102    @aCN@b110000
105    @ay z 001yy
106    @ar
200 1  @a随机动力学引论@9sui ji dong li xue yin lun@dIntroduction to stochastic dynamics@f朱位秋,(美)蔡国强著@zeng
210    @a北京@c科学出版社@d2017.3
215    @a356页@d24cm
330    @a本书系统地论述了随机动力学的基本理论方法,重点是非线性系统随机响应的预测、随机稳定性与随机分岔,以及首次穿越损坏。
510 1  @aIntroduction to stochastic dynamics@zeng
606 0  @a随机变量@x动力学
690    @aO313@v5
701  0 @a朱位秋@9zhu wei qiu@f(1938-)@4著
701  0 @c(美)@a蔡国强@9cai guo qiang@4著
801  0 @aCN@b91MARC@c20171025
905    @b1039487-90@dO313@f4@e7
    
    随机动力学引论=Introduction to stochastic dynamics/朱位秋,(美)蔡国强著.-北京:科学出版社,2017.3
    356页;24cm
    
    
    ISBN 978-7-03-052420-1:CNY128.00
    本书系统地论述了随机动力学的基本理论方法,重点是非线性系统随机响应的预测、随机稳定性与随机分岔,以及首次穿越损坏。
●
相关链接 在E读中查询图书 在五车中查询图书 在当当中查询图书 在豆瓣中查询图书


正题名:随机动力学引论     索取号:O313/7         预约/预借

序号 登录号 条形码 馆藏地/架位号 状态 备注
1 1039487   210394875   第二样本阅览室/ [索取号:O313/7] 在馆    
2 1039488   210394884   密集书库-数信学院/ [索取号:O313/7] 在馆    
3 1039489   210394893   第三借阅区/ [索取号:O313/7] 在馆    
4 1039490   210394900   第三借阅区/ [索取号:O313/7] 在馆    
唐山师范学院图书馆 欢迎您!
大连网信软件有限公司© 版权所有